Biblioteca

Ka'gi̳mmi̳ri nivizaku ni : (Registro nro. 66209)

Detalles MARC
000 -LÍDER
Campo fijo de descripción fija 01435nam a2200397 i 4500
001 - NÚMERO DE CONTROL
Campo de control 768714001
003 - IDENTIFICADOR DEL NÚMERO DE CONTROL
Campo de control CO-MdFUSB
005 - FECHA Y HORA DE LA ULTIMA TRANSACCIÓN
control field 20210524172310.0
007 - CAMPO FIJO DE DESCRIPCIÓN FIJA--INFORMACIÓN GENERAL
Campo fijo de descripción fija ta
008 - ELEMENTOS DE LONGITUD FIJA -- INFORMACIÓN GENERAL
Campo fijo de descripción fija -- Información general 980923t1997 ck ab b 000 0 spa c
010 ## - NÚMERO DE CONTROL DE LA BIBLIOTECA DEL CONGRESO
Número de control LC 98200514
020 ## - NÚMERO INTERNACIONAL NORMALIZADO PARA LIBROS
Número Internacional Normalizado del libro 9582101466
040 ## - FUENTE DE CATALOGACIÓN
Agencia de catalogación original CGU
Agencia que realiza la transcripción CO-MdFUSB
Agencia que realiza la modificación DLC
-- CO-MdFUSB
Idioma de catalogación spa
Convenciones de la descripción rda
041 1# - CÓDIGO DE IDIOMA
Código de idioma para texto/pista de sonido o título separado spa
Código de idioma original eng
042 ## - AUTHENTICATION CODE
Authentication code pcc
043 ## - GEOGRAPHIC AREA CODE
Geographic area code s-ck---
082 ## - NÚMERO DE CLASIFICACIÓN DECIMAL DEWEY
Número de la edición del Dewey 23
Número de clasificación 980.4611
Clave de autor-Numero de item T761
100 1# - ASIENTO PRINCIPAL--NOMBRE PERSONAL
Nombre personal Tracy, Hugo,
Fechas asociadas con el nombre 1940-
Término relacionador autor
240 ## - TITULO UNIFORME
Título uniforme <a href="La tierra es nuestra madre: Importancia de la tierra para la sobrevivencia del grupo étnico ika">La tierra es nuestra madre: Importancia de la tierra para la sobrevivencia del grupo étnico ika</a>
245 10 - TÍTULO
Título del Material Ka'gi̳mmi̳ri nivizaku ni :
Parte restante del título - Subtitulo La tierra es nuestra madre
Mención de responsabilidad, etc. / Hugo Tracy ; traducido por Erasmo Pinzón, Nicolás Polo
246 ## - FORMA VARIANTE DEL TITULO
Título propiamente dicho/forma breve del título = la tierra es nuestra madre
Parte restante del título Otro punto de vista sobre la cuestión de las tierras en Colombia
250 ## - MENCIÓN DE EDICIÓN
Mención de edición Primera edición
264 #1 - PRODUCCIÓN, PUBLICACIÓN, DISTRIBUCIÓN, MANUFACTURA, Y COPYRIGHT
Lugar de producción, publicación, distribución, manufactura Santafé de Bogotá :
Nombre del productor, publicador, distribuidor Instituto Lingüístico de Verano,
Fecha de producción, publicación, distribución, manufactura, o copyright [1997]
264 #4 - PRODUCCIÓN, PUBLICACIÓN, DISTRIBUCIÓN, MANUFACTURA, Y COPYRIGHT
Fecha de producción, publicación, distribución, manufactura, o copyright © 1997
300 ## - DESCRIPCIÓN FÍSICA
Extensión x, 110 páginas. :
Otros detalles físicos ilustraciones., mapas ;
Dimensiones 23 cm.
336 ## - TIPO DE CONTENIDO
Fuente rdacontent
Término de tipo de contenido texto
Código de tipo de contenido txt
337 ## - TIPO DE MEDIO
Fuente rdamedia
Nombre del tipo de medio sin mediación
Código del tipo de medio n
338 ## - TIPO DE SOPORTE
Fuente rdacarrier
Nombre del tipo de soporte volumen
Código Tipo de soporte nc
504 ## - NOTA DE BIBLIOGRAFÍA, ETC.
Nota de bibliografía, etc Incluye referencias bibliográficas (páginas. 97-107)
563 ## - NOTA DE ENCUADERNACIÓN
Nota de encuadernación Rústico
653 ## - TÉRMINO DE INDIZACIÓN - NO CONTROLADO
Término no controlado Indios de América del Sur - Tenencia de la tierra.
942 ## - TIPO DE MATERIAL (KOHA)
Tipo de Item KOHA Libros General
945 ## - INFORMACIÓN LOCAL DEL REGISTRO
Catalogador JTF-925
Existencias
Estado de Material Estado de Perdido Forma de Clasificación Estado de Dañado No para Préstamo Colección Biblioteca de Origen Biblioteca Permanente Fecha de Adquisición Área Total de Préstamos Signatura Topográfica Código de Barras Última vez visto Ejemplar/Existencia Fecha de Remplazo Tipo de Material
    Dewey Decimal Classification     Colección General Biblioteca FUSBC Biblioteca FUSBC 22/06/2020 CULTURA Y COSTUMBRES   G 980.4611 T761k 2072 22/06/2020 Ej.1 22/06/2020 Libros General

Biblioteca FUSBC | Teléfono: (57+4) 349 88 10 Ext. 141| WhatsApp (+57) 3005338115 
E-mail: biblioteca@unisbc.edu.co | Calle 76 87-14 Robledo Palenque, Medellín, Colombia

Con tecnología Koha